Modelling the ability of rheoncephalography to measure cerebral blood flow; Journal of Electrical Bioimpedance (JEB); Vol. 5
| Parent link: | Journal of Electrical Bioimpedance (JEB) Vol. 5.— 2014.— [P. 110-113] |
|---|---|
| Egile nagusia: | |
| Erakunde egilea: | |
| Beste egile batzuk: | , |
| Gaia: | Title screen Despite the long history of rheoencephalography (REG), someimportant aspects of the method are still debatable. Bioimpedancemeasurements offer great potential benefit for study of the humanbrain, but the traditional four or six electrode method suffers frompotential misinterpretations and lack of accuracy. The objective ofthis paper is to study the possible mechanism of REG formation bymeans of numerical modelling using a realistic finite element modelof the human head. It is shown that the cardiac related variationsin electrical resistivity of the scalp contributes more than 60% tothe REG amplitude, whereas the brain and cerebrospinal fluid aremutually compensated by each over. |
| Hizkuntza: | ingelesa |
| Argitaratua: |
2014
|
| Gaiak: | |
| Sarrera elektronikoa: | http://dx.doi.org/10.5617/jeb.962 |
| Formatua: | Baliabide elektronikoa Liburu kapitulua |
| KOHA link: | https://koha.lib.tpu.ru/cgi-bin/koha/opac-detail.pl?biblionumber=648910 |
MARC
| LEADER | 00000naa0a2200000 4500 | ||
|---|---|---|---|
| 001 | 648910 | ||
| 005 | 20250227094212.0 | ||
| 035 | |a (RuTPU)RU\TPU\network\14069 | ||
| 090 | |a 648910 | ||
| 100 | |a 20160609d2014 k||y0rusy50 ba | ||
| 101 | 0 | |a eng | |
| 102 | |a NO | ||
| 135 | |a drcn ---uucaa | ||
| 181 | 0 | |a i | |
| 182 | 0 | |a b | |
| 200 | 1 | |a Modelling the ability of rheoncephalography to measure cerebral blood flow |f K. S. Brazovsky, Ja. S. Pekker, O. S. Umansky | |
| 203 | |a Text |c electronic | ||
| 300 | |a Title screen | ||
| 320 | |a [References: p. 113 (11 tit.)] | ||
| 330 | |a Despite the long history of rheoencephalography (REG), someimportant aspects of the method are still debatable. Bioimpedancemeasurements offer great potential benefit for study of the humanbrain, but the traditional four or six electrode method suffers frompotential misinterpretations and lack of accuracy. The objective ofthis paper is to study the possible mechanism of REG formation bymeans of numerical modelling using a realistic finite element modelof the human head. It is shown that the cardiac related variationsin electrical resistivity of the scalp contributes more than 60% tothe REG amplitude, whereas the brain and cerebrospinal fluid aremutually compensated by each over. | ||
| 461 | |t Journal of Electrical Bioimpedance (JEB) | ||
| 463 | |t Vol. 5 |v [P. 110-113] |d 2014 | ||
| 610 | 1 | |a электронный ресурс | |
| 610 | 1 | |a труды учёных ТПУ | |
| 610 | 1 | |a конечно-элементные модели | |
| 610 | 1 | |a численное моделирование | |
| 700 | 1 | |a Brazovsky (Brazovskii) |b K. S. |c specialist in the field of electronics |c candidate of medical Sciences, associate Professor Tomsk Polytechnic University |f 1971- |g Konstantin Stanislavovich |3 (RuTPU)RU\TPU\pers\36870 |9 19899 | |
| 701 | 1 | |a Pekker |b Ja. S. |c Fachmann auf dem Gebiet der Elektronik und Medizintechnik |c Professor der Polytechnischen Universität Tomsk, Kandidat der technischen Wissenschafte |f 1940- |g Jakob Semenowitsch |3 (RuTPU)RU\TPU\pers\31892 |9 15964 | |
| 701 | 1 | |a Umansky |b O. S. |g Oleg Semenovich | |
| 712 | 0 | 2 | |a Национальный исследовательский Томский политехнический университет |b Институт неразрушающего контроля |b Кафедра промышленной и медицинской электроники |3 (RuTPU)RU\TPU\col\18719 |9 27169 |
| 801 | 2 | |a RU |b 63413507 |c 20160609 |g RCR | |
| 856 | 4 | |u http://dx.doi.org/10.5617/jeb.962 | |
| 942 | |c CF | ||